000 00574nam a2200133Ia 4500
008 171212s9999 xx 000 0 und d
020 _a9780874218008
100 _aNegri, Richard
245 _cNegri, Richard
_aTales of Canyonlands Cowboys
260 _bUniversity Press of Colorado
_c1997
650 _aCowboys -- Utah -- Canyonlands National Park -- Interviews; Canyonlands National Park (Utah) -- Description and travel -- Anecdotes; Ranch life -- Utah -- Canyonlands National Park -- Anecdotes
650 _aHistory
856 _uwww.jstor.org/stable/10.2307/j.ctt4cgrjv
999 _c353177
_d353177